[Event "GER-ch Army 15th"]
[Site "Stadtallendorf"]
[Date "2004.??.??"]
[Round "4"]
[White "Reissner, Bernd"]
[Black "Neumann, Peter3"]
[Result "0-1"]
[WhiteElo "1691"]
[BlackElo "1830"]
[PlyCount "44"]
[EventDate "2004.05.10"]
[EventType "swiss"]
[EventRounds "6"]
[EventCountry "GER"]
[SourceTitle "EXT 2006"]
[Source "ChessBase"]
[SourceDate "2005.11.24"]
[SourceVersion "1"]
[SourceVersionDate "2005.11.24"]
[SourceQuality "1"]

1. Nf3 c5 2. c4 Nc6 3. g3 g6 4. Bg2 Bg7 5. 0-0 Nf6 6. Nc3 0-0 7. d3 d5 8. cxd5 Nxd5 9. Nxd5 Qxd5 10. Nd2 Qe6 11. Ne4 b6 12. Nc3 Bb7 13. Nd5 Nd4 14. Nf4 Qd7 15. Bxb7 Qxb7 16. e4 Rad8 17. Be3 c4 18. f3 cxd3 19. Nxd3 Qa6 20. Nf4 Nf5 21. Qb3 Nxe3 22. Qxe3 Bd4 0-1